Phân tích các nhân tố ảnh hưởng đến quyết định vay vốn của các doanh nghiệp tại các ngân hàng Thương mại Cổ phần trên địa bàn Thành phố Cần Thơ : Luận văn thạc sĩ: Chuyên ngành: Tài chính - Ngân hàng
Nội dung nghiên cứu của đề tài là phân tích các nhân tố ảnh hưởng đến quyết định vay vốn của các doanh nghiệp tại các ngân hàng Thương mại Cổ phần trên địa bàn Thành phố Cần Thơ thông qua mô hình Probit và mô hình Tobit....
Na minha lista:
| Autor principal: | |
|---|---|
| Formato: | Livro |
| Idioma: | Undetermined |
| Publicado em: |
Cần Thơ
Đại học Cần Thơ
2013
|
| Assuntos: | |
| Tags: |
Adicionar Tag
Sem tags, seja o primeiro a adicionar uma tag!
|
| Thư viện lưu trữ: | Trung tâm Học liệu Trường Đại học Cần Thơ |
|---|
| LEADER | 01333nam a2200229Ia 4500 | ||
|---|---|---|---|
| 001 | CTU_183218 | ||
| 008 | 210402s9999 xx 000 0 und d | ||
| 082 | |a 332.1 | ||
| 082 | |b H556 | ||
| 088 | |a 62340201 | ||
| 100 | |a Đặng, Nguyên Hưng | ||
| 245 | 0 | |a Phân tích các nhân tố ảnh hưởng đến quyết định vay vốn của các doanh nghiệp tại các ngân hàng Thương mại Cổ phần trên địa bàn Thành phố Cần Thơ : | |
| 245 | 0 | |b Luận văn thạc sĩ: Chuyên ngành: Tài chính - Ngân hàng | |
| 245 | 0 | |c Đặng, Nguyên Hưng ; Trương Đông Lộc (Hướng dẫn khoa học) | |
| 260 | |a Cần Thơ | ||
| 260 | |b Đại học Cần Thơ | ||
| 260 | |c 2013 | ||
| 520 | |a Nội dung nghiên cứu của đề tài là phân tích các nhân tố ảnh hưởng đến quyết định vay vốn của các doanh nghiệp tại các ngân hàng Thương mại Cổ phần trên địa bàn Thành phố Cần Thơ thông qua mô hình Probit và mô hình Tobit. | ||
| 650 | |a Ngân hàng và nghiệp vụ ngân hàng,Banks and banking | ||
| 904 | |i Tôn Trúc Quân | ||
| 910 | |a Nguyên | ||
| 980 | |a Trung tâm Học liệu Trường Đại học Cần Thơ | ||